سا ءنسی ا نقلا ب :يقين سے ا مکا ن تک (Record no. 169930)

MARC details
000 -LEADER
fixed length control field 00589nam a22001937a 4500
005 - DATE AND TIME OF LATEST TRANSACTION
control field 20191209112646.0
010 ## - LCCN (DPL NO)
LC control number A-549968
020 ## - INTERNATIONAL STANDARD BOOK NUMBER
Terms of availability 13.00
International Standard Book Number -
035 ## - SYSTEM CONTROL NUMBER
System control number A-549968
037 ## - SOURCE OF ACQUISITION
Source of stock number/acquisition BPPD
082 ## - DEWEY DECIMAL CLASSIFICATION NUMBER
Classification number 500
100 ## - MAIN ENTRY--PERSONAL NAME
Personal name شہز ا د ا حمد
245 ## - TITLE STATEMENT
Title سا ءنسی ا نقلا ب :يقين سے ا مکا ن تک
Statement of responsibility, etc شہز ا د ا حمد
246 ## - VARYING FORM OF TITLE
Title proper/short title Sciencei Inqalab
Remainder of title by Shehzad Ahmed
260 ## - PUBLICATION, DISTRIBUTION, ETC. (IMPRINT)
Place of publication, distribution, etc Lahore
Date of publication, distribution, etc 1988 ء
Name of publisher, distributor, etc Sang-e-Mel Publications
270 ## - ADDRESS
Address Lahore
City Pakistan
Telephone number -
Postal code -
300 ## - PHYSICAL DESCRIPTION
Extent 344 ص
Dimensions 22 cm(hb)
942 ## - ADDED ENTRY ELEMENTS (KOHA)
Source of classification or shelving scheme Dewey Decimal Classification
Item type Urdu Bks
Classification part 500
Call number suffix ش ہ ز
Holdings
Withdrawn status Lost status Not for loan Collection code Home library Current library Date acquired Source of acquisition Cost, normal purchase price Full call number Barcode Copy number Cost, replacement price Koha item type
      Non-fiction Central Library Central Library 09/12/2019 BPPD/Ven. 13.00 500 ش ہ ز A-549968 1 13.00 Urdu Bks

© Delhi Public Library
Hit Counter
free hit counter